Регионална библиотека "Любен Каравелов" - Русе

Ръководство за семинарни упражнения по прогнозиране и планиране (Запис номер 26613)

MARC детайли
000 -Лидер
Контролно поле с фиксирана дължина 02370nam a2200421 c 4500
003 - Код на организацията, давaща контролен номер
Контролно поле BLK
005 - Дата и час на последна редакция
Контролно поле 20180422095642.0
008 - Елементи от данни с фиксирана дължина
fixed length control field 180413b bul|||||r ||||||| ||bul||
010 ## - Наследен системен номер
LC control number KNG00029166000
020 ## - Международен стандартен номер на книга ISBN
Международен стандартен номер на книга ISBN 954-712-048-4
-- издат.: Русенски унив. Ангел Кънчев
040 ## - Източник на каталожния запис
Идентификатор на билиотеката - собственик на записа BLK
041 ## - Код за език
Код за езика на текст/звукозапис или на отделно заглавие Български
Код за езика КДБФ Български
080 ## - УДК
Текстов определител УДК Форми на предприятията в зависимост от отношението към собствеността...
УДК код - определител по УДК 334.72
УДК определител .008.5(075.8)
УДК - код + определител 334.72.008.5(075.8)
080 ## - УДК
Текстов определител УДК
УДК код - определител по УДК 338.26/.27
УДК определител (075.8)
УДК - код + определител 338.26/.27(075.8)
080 ## - УДК
Текстов определител УДК Методи на управление. Мениджмънт. Анализи, планиране, ръководство, сътрудничество, контрол, коопериране и др.
УДК код - определител по УДК 005.5
УДК определител (075.8)
УДК - код + определител 005.5(075.8)
100 1# - Редна дума - Автор
Автор Папазов, Кръстю Игнатов
Авторска отговорност първи автор
R(LIN) 268827
139 ## - Редно поле
Редна дума Папазов, Кръстю Игнатов и др.
Авторски знак Пап - П 21
245 10 - Сведения за заглавието
Заглавие Ръководство за семинарни упражнения по прогнозиране и планиране
Подзаглавни данни Тестове, казуси, задачи
Редно поле (дума) Кръстю Игнатов Папазов; съавт. Емил Кръстев Папазов; съавт. Боряна Георгиева Иванова.
257 ## - Страна на издаване
Страна на създаване/издаване България
260 ## - Област на издателските данни
-- Русе
Име на издателя, разпространителя и проч. Русенски унив. Ангел Кънчев
Година на издаване 1999
300 ## - Физическа характеристика
Страници 70 с.
Илюстрации и др. с табл.
Размери/Мащаб 20 см
380 ## - Жанр
Жанр Обществени науки
500 ## - Общи забележки
Забележка Изд. на Русенския унив. Ангел Кънчев. Кат. Бизнес и мениджмънт. - Библиогр. след отд. теми.
650 #4 - Допълнително описание по предмет – тема
Основно описание – тема или топоним Фирми - планиране и прогнозиране
9 (RLIN) 266283
650 #4 - Допълнително описание по предмет – тема
Основно описание – тема или топоним Стопанство - планиране и прогнозиране
9 (RLIN) 262257
653 ## - Ключова дума – ненормативна
Ключова дума упражнения
653 ## - Ключова дума – ненормативна
Ключова дума прогнозиране
653 ## - Ключова дума – ненормативна
Ключова дума планиране
653 ## - Ключова дума – ненормативна
Ключова дума икономика
653 ## - Ключова дума – ненормативна
Ключова дума ръководства
700 1# - Други автори (авторска отговорност)
Лично име Папазов, Емил Кръстев
Автороска отговорност (Описва отношението между автора и произведението) съавт.
9 (RLIN) 268828
700 1# - Други автори (авторска отговорност)
Лично име Иванова, Боряна Георгиева
Автороска отговорност (Описва отношението между автора и произведението) съавт.
9 (RLIN) 364281
852 ## - Местоположение
Форматна сигнатура Цб 201968
856 4# - Електронен адрес и достъп
Електронен формат pdf - файл
Път до файла /url/
856 4# - Електронен адрес и достъп
Електронен формат pdf - файл
Път до файла /url/
942 ## - АРТИКУЛИ
Вид на библиотечния материал Книги
Скрит в OPAC Не
944 ## - СЪЗДАВАНЕ И РЕДАКЦИЯ на ЗАПИСА
Създаване/Редакция Създаване
Дата на регистрацията/редакция 15.01.2003
Статус, дата на статуса ф /
Служител, извършил регистрацията/редакцията Пенка_Димитрова
944 ## - СЪЗДАВАНЕ И РЕДАКЦИЯ на ЗАПИСА
Създаване/Редакция Редакция
Дата на регистрацията/редакция 07.05.2015
Статус, дата на статуса ф /
Служител, извършил регистрацията/редакцията Людмила_Стоянова
999 ## - СИСТЕМНИ КОНТРОЛНИ НОМЕРА
Koha biblionumber 26613
Koha biblioitemnumber 26613
Наличности
Код за отписване Код за изгубен артикул Източник на класификационната схема Код за повреда Коз за рестрикции Код за отдаване Артикулен № Име на библиотеката - собственик Име на библиотеката, в която се намира в момента Статус (Текущо местоположение) Дата на вписване в системата Местоположение - отдел Цена в лева Инвентарен номер Систематично азбучна сигнатура Баркод Номер на екземпляра Цена в евро Служебна бележка Служебен тип на артикула
  Не е изгубен Universal Decimal Classification Не е повреден без рестрикции ползва се в читалня 43216 Регионална библиотека "Любен Каравелов" Русе Регионална библиотека "Любен Каравелов" Русе Хранилище 2001-01-01 Хранилище 0.00 650789 Цб 201968 120000650789 1 0.00 Дост: Dp Вид: Д N: 39 Дата: 01.01.1999 Книги
  Не е изгубен Universal Decimal Classification Не е повреден без рестрикции заемане за дома 43217 Регионална библиотека "Любен Каравелов" Русе Регионална библиотека "Любен Каравелов" Русе Заемна - подръчен фонд 1999-01-01 Заемна - подръчен фонд 5.00 653515 П 334.7/П 21 120000653515 2 2.56 Дост: Pk Вид: Ф N: стар фонд Дата: 01.01.1999 Дата инв: 06.02.2018 Бележки инв: П2018 Книги
Изтеглен Не е изгубен Universal Decimal Classification Не е повреден без рестрикции заемане за дома 43218 Регионална библиотека "Любен Каравелов" Русе Регионална библиотека "Любен Каравелов" Русе Заемна - подръчен фонд 2014-02-07 Заемна - подръчен фонд 7.00 120000774264 П 334.7/П 21 120000774264 3 3.58 Дост: DA Вид: А N: 3 Дата: 07.02.2014 Дата инв: 06.02.2018 Бележки инв: П2018 Книги
Vip Innovations Ltd, Rousse, Bulgaria 2025